Geboren in Bad Homburg - Statistiken

Allgemein
  • Dieses Quiz wurde 29 mal gespielt
    17 seit der letzten Aktualisierung
  • Das Durchschnittsergebnis liegt bei 1 aus 5
Antwortstatistiken
Hinweis Antwort % Korrekt
Anteilseignerin an BMW und eine der reichsten Frauen Deutschlands 1962 Susanne Klatten
67%
Komiker und Schauspieler, "7 Zwerge" 1964 Martin "Maddin" Schneider
47%
Schwimmer und olympischer Silbermedaillengewinner im Freiwasser 2002 Oliver Klemet
7%
Model und Siegerin von "Germany's Next Topmodel" 2016 1996 Kim Hnizdo
0%
Astrophysiker und Nobelpreisträger für die Entdeckung eines Schwarzen Lochs im Zentrum der Milchstraße 1952 Reinhard Genzel
0%
Keine übereinstimmenden Quizze gefunden
Verteilung der Resultate
Anzahl Personen mit jedem Resultat
Perzentil nach korrekt beantworteten Fragen
Ihre Resultats-Entwicklung
Sie haben dieses Quiz seit der letzten Aktualisierung nicht gespielt